000
00291nam a2200121Ia 4500
005
20251222155102.0
008
251222s9999||||xx |||||||||||||| ||spa||
082
_a
SIC.61
245
0
_a
El derecho a la participación ¿Realidad o reto?
250
_a
1ra. ed.
264
_b
IES
942
_c
LIB
999
_c
37718
_d
37718